00784nam a2200229Ia 4500003000900000008004100009020001800050040001600068080001600084100002600100245005800126260003300184300001500217490006800232650002700300650002900327650002800356650004900384942000700433999001500440952009900455IN-BaIIA211028s9999 xx 000 0 eng d a0-08-016986-4 cIIA Library a524.38bBAT aBatten, Allen H99009 0aBinary and multiple systems of starscAllen H. Batten aOxfordbPergamon Pressc1973 axii, 278p. aInternational series of monographs in natural philosophy; v. 51 a Binary stars 99010 a Binary systems 99011 a Double galaxies99012 aAstronomy and astrophysics thesaurus 91143 cBK c5064d5064 00104070aBANbBANcGENd1976-11-05l0o524.38/ BATp5657r2021-11-05w1976-11-05yBK 16.75